Connected Clues A-Z #2 - Statistics

General Stats
  • This quiz has been taken 58 times
  • The average score is 9 of 26
Answer Stats
Hint Answer % Correct
Au gold
92%
(W) is raised here Japan
58%
Lower back region lumbar
56%
Supernatural synonym paranormal
56%
Occasion when (H) is eaten Easter
47%
Where (K) was born Mexico City
47%
Synonym for jabbering yapping
47%
Home to (N) sports team Denver
44%
Home of the .tv domain Tuvalu
44%
Investigated by (F) and Dana Scully X Files
44%
Found panning for (G) nuggets
42%
Type of radio HAM
39%
(T) is one island
39%
Famous female artist Kahlo
36%
Resort city south of (M) Acapulco
33%
Grade A5 Wagyu
33%
(Q) fall under this classification opiate
31%
Eel dish from (J) unagi
31%
Popular 70s sedative Quaaludes
25%
State east of (M) Veracruz
22%
Fiscal denomination cent
19%
(C) homophone sent
19%
Colloquial name for (Q): disco ________ biscuits
8%
Where to act on a gut feeling restaurant
8%
FBI agent who deals with the (P) Fox Moulder
3%
Guide for (R)s zaggot
3%
No matching quizzes found
Score Distribution
Percent of People with Each Score
Percentile by Number Answered
Your Score History
You have not taken this quiz